[Event "MAGISTRAL ALBERTO LOMBARDI - CMUN 2025"]
[Site "Rio de Janeiro"]
[Date "2025.09.29"]
[Round "1.1"]
[White "Laba, Otavio De Souza"]
[Black "Bastos Pinto, Selmo"]
[Result "1-0"]
[WhiteElo "1902"]
[BlackElo "2066"]
[Annotator "Chessbase"]
[PlyCount "31"]
[EventDate "2025.??.??"]

{[%evp 0,31,19,38,72,47,88,61,61,37,61,37,60,55,73,46,93,53,46,39,55,64,66,24,30,-19,69,73,112,51,51,55,341,342]} 1. e4 c5 2. Nf3 d6 3. d4 cxd4 4. Nxd4 Nf6 5. Nc3 h6 6. Be3 a6 (6... Nc6 7. Bb5 Bd7 8. O-O g6 9. h3 Bg7 10. Qd2 Nxd4 11. Bxd7+ Qxd7 12. Bxd4 O-O 13. Rad1 Qc6 14. Bxf6 Bxf6 15. Nd5 Rfe8 16. Qxh6 Qxc2 17. Rd2 Qxe4 18. Nc7 Qa4 19. a3 Rac8 20. Nxe8 Qxe8 21. Qe3 {Run Forrest,R (2661)-OpenFormula,R (2739) Playchess.com INT 2007 ½-½ (59)}) 7. Be2 (7. f4 e5 8. Nf3 Qc7 9. Qd2 Be6 10. O-O-O Nbd7 11. Kb1 Rc8 12. h3 b5 13. Nd5 Nxd5 14. exd5 Bf5 15. Bd3 e4 16. Rde1 Be7 17. Nd4 Bh7 18. Be2 Nf6 19. Bg4 Ra8 20. Bf5 Qc4 21. Bxh7 Rxh7 {Qalichava,A (2180)-Prraneeth,V (2442) Petrovac MNE 2025 ½-½ (72)}) 7... e6 8. Qd2 $146 (8. O-O Bd7 (8... Be7 9. f4 (9. Qd2 Nbd7 10. f4 Qc7 11. f5 e5 12. Ne6 fxe6 13. fxe6 Nb6 14. Nd5 Nbxd5 15. exd5 b6 16. a4 Bb7 17. Ra3 Nxd5 18. Bh5+ Kd8 19. Kh1 Nxe3 20. Qxe3 Bg5 21. Qf2 d5 22. Rc3 Bc6 {Koksal,R (1860)-Celik,E (1733) Kemer 2014 0-1 (48)}) 9... Qc7 10. Bf3 O-O 11. Qe1 e5 12. Nde2 Nc6 13. Qg3 Nh7 14. Nd5 Qd8 15. fxe5 Bh4 16. Nf6+ Bxf6 17. exf6 Qxf6 18. Nc3 Be6 19. Qxd6 Rfd8 20. Qg3 Ne5 21. Bh5 Qe7 22. Qxe5 Qd6 {Virnik,E (2160)-Ibisoglu,A Mureck 1998 1-0 (36)}) 9. Kh1 Be7 10. f4 Nc6 11. Bf3 O-O 12. Qd2 Qc7 13. Rad1 Rac8 14. a3 Rfe8 15. Qf2 b5 16. Nb3 Rf8 17. Bb6 Qb7 18. e5 dxe5 19. fxe5 Nh7 20. Na5 Qb8 21. Rxd7 Rfe8 22. Nxc6 Rxc6 {Chong,M-Tan,L Chiangmai 2013 1-0 (33)}) 8... Be7 $6 {Inaccuracy. Nbd7 was best.} (8... Nbd7 9. a4) 9. O-O-O Qc7 10. g4 Nc6 11. Nb3 $6 {Inaccuracy. Nxc6 was best.} (11. Nxc6 Qxc6 12. f3 b5 13. a3 Bb7 14. h4 O-O-O 15. g5 hxg5 16. hxg5 Nd7) 11... Ne5 $6 {Inaccuracy. b5 was best.} (11... b5) 12. g5 $4 {Blunder. f4 was best.} (12. f4 Nc4 13. Bxc4 Qxc4 14. Qg2 e5 15. f5 b5 16. g5 hxg5 17. Bxg5 a5) 12... Nfg4 $4 {Blunder. hxg5 was best.} (12... hxg5) 13. gxh6 gxh6 14. f4 $6 {Inaccuracy. Bd4 was best.} (14. Bd4 Nf6 15. f4 Nc6 16. Rhf1 Nxd4 17. Qxd4 Rf8 18. Kb1 b5 19. e5 dxe5) 14... Nxe3 15. Qxe3 Nc4 $4 {Blunder. Bd7 was best.} (15... Bd7) 16. Qd4 {1-0 White wins. PRECISÃO: BRANCAS 88% PRETAS 68%} 1-0

[Event "MAGISTRAL ALBERTO LOMBARDI - CMUN 2025"]
[Site "Rio de Janeiro"]
[Date "2025.09.29"]
[Round "1.2"]
[White "Manzi, Luiz Antonio Bardar"]
[Black "Leus, Lucas Resende"]
[Result "1/2-1/2"]
[WhiteElo "2058"]
[BlackElo "1865"]
[Annotator "Chessbase"]
[PlyCount "100"]
[EventDate "2025.??.??"]

{[%evp 0,100,38,17,53,-8,-3,4,-1,0,-10,-14,-15,1,8,16,-2,-2,-2,-4,63,15,33,14,39,5,37,64,106,128,128,127,127,83,97,115,122,119,117,90,91,85,112,133,173,113,122,126,113,113,187,116,106,120,104,108,103,84,104,104,120,106,102,96,96,102,104,104,104,101,117,104,126,119,125,124,124,127,127,129,127,118,127,127,132,130,132,127,140,127,140,127,127,127,126,118,118,106,103,105,103,105,105]} 1. Nf3 c5 2. g3 d5 3. Bg2 Nf6 4. O-O Nc6 5. d4 cxd4 6. Nxd4 e5 7. Nxc6 bxc6 8. c4 Rb8 9. Nc3 Be6 $2 {Mistake. d4 was best.} (9... d4 10. Ne4) 10. Bg5 e4 11. cxd5 $6 {Inaccuracy. Qa4 was best.} (11. Qa4 Qd7 12. a3 Rxb2 13. Rfd1 Be7 14. Bxf6 Bxf6 15. Nxe4 O-O 16. Nxf6+ gxf6) 11... cxd5 12. Bxf6 gxf6 13. Qd4 $146 (13. Qa4+ Qd7 14. Qxd7+ Kxd7 15. Rfd1 Rxb2 (15... f5 16. Nxd5 Rxb2 17. Rac1 Bd6 18. a4 Rc8 19. Nf6+ Ke7 20. Nd5+ Kd8 21. Nc3 Ke7 22. Nd5+ Kf8 23. Rxc8+ Bxc8 24. Nf6 Be7 25. Nd5 Rxe2 26. Bf1 Rc2 27. Ne3 Rc5 {Tremblay,A (2052)-Cloutier,M (2142) Montreal 2015 0-1 (45)}) 16. Bxe4 Bb4 17. Nxd5 Bxd5 18. Rxd5+ Ke6 19. Rb5 Bc3 20. Bf5+ Ke7 21. Rxb2 Bxb2 22. Rd1 Rd8 23. Rxd8 Kxd8 24. Bxh7 Ke7 25. Bf5 Kf8 26. Kg2 Kg7 27. h4 Bd4 {Tremblay,A (2078)-Cloutier,M (2104) Montreal 2013 1-0 (54)}) 13... Bd6 $6 {Inaccuracy. Bb4 was best.} (13... Bb4 14. Qxa7 Qb6 15. Qxb6 Rxb6 16. a4 Ke7 17. Nb5 Bd7 18. Nc7 Kd6 19. a5) 14. Nxd5 Be5 15. Qa4+ Qd7 16. Qxd7+ $6 {Inaccuracy. Qxe4 was best.} (16. Qxe4 Bxd5 17. Qxd5 Qxd5 18. Bxd5 Rxb2 19. Rac1 O-O 20. e3 Rd8 21. Bb3 Rdd2) 16... Kxd7 17. Bxe4 Bxd5 $2 {Mistake. f5 was best.} (17... f5 18. Bf3 Rxb2 19. Rfd1 Rhb8 20. Nb4+ Bd6 21. Nc6 Rc8 22. Nd4 Ke7 23. a4) 18. Bxd5 Rxb2 19. Rad1 $6 {Inaccuracy. e3 was best.} (19. e3 Ke7 20. Rac1 Rd8 21. Bb3 Kf8 22. Rc4 Rd7 23. Ra4 Kg7 24. Rg4+ Kf8) 19... Ke7 20. e3 Rc8 21. Bb3 h5 $4 {Blunder. a5 was best.} (21... a5) 22. f4 $2 {Mistake. Rd5 was best.} (22. Rd5 Rc7 23. Rfd1 h4 24. gxh4 Kf8 25. h5 Kg7 26. Rd7 Rb1 27. Rxf7+ Rxf7) 22... Bd6 23. Rf2 Rxf2 24. Kxf2 h4 25. g4 $4 {Blunder. gxh4 was best.} (25. gxh4 Rc3 26. Rd5 Bc5 27. h5 Bxe3+ 28. Kf3 Kf8 29. Kg4 Rc7 30. h6 Kg8) 25... Rc3 26. Ke2 Bc5 27. Rd3 Rc1 28. Bd1 Ra1 29. Rd2 Bb6 30. Bb3 Rh1 31. Kf3 Rf1+ 32. Rf2 Re1 33. Re2 Rg1 34. Bc2 Bc5 35. Bf5 Rc1 36. Rc2 Rxc2 37. Bxc2 Bb4 38. h3 Be1 39. Ke4 Bd2 40. Kd4 Be1 41. Kd3 Bg3 42. Ke2 Kf8 43. Kf3 Ke7 44. Bb3 Kf8 45. Ke4 Ke7 46. Kf5 Bf2 47. e4 Bd4 48. g5 fxg5 49. Kxg5 Bf2 50. e5 Bg3 {1/2-1/2 wins. PRECISÃO: BRANCAS 91% PRETAS 91%} 1/2-1/2

[Event "MAGISTRAL ALBERTO LOMBARDI - CMUN 2025"]
[Site "Rio de Janeiro"]
[Date "2025.09.29"]
[Round "1.3"]
[White "Franca, Joao Vitor Da Silva"]
[Black "Frolov, Ivan"]
[Result "1-0"]
[WhiteElo "1845"]
[BlackElo "2041"]
[Annotator "Chessbase"]
[PlyCount "100"]
[EventDate "2025.??.??"]

{[%evp 0,100,39,18,25,31,24,38,24,30,-2,17,37,-6,-12,-39,21,19,28,5,24,-10,32,26,44,33,44,3,43,41,52,17,55,34,30,31,32,12,23,23,34,-36,-5,-22,-9,-26,1,5,9,1,6,10,26,25,26,28,4,20,23,27,13,20,8,3,5,0,46,22,0,12,52,0,-1,-1,-3,-97,-74,-80,-86,-120,-94,-37,-37,-252,74,77,289,293,322,322,334,334,349,349,345,362,386,434,393,431,440,446,453]} 1. e4 {ChessBase II} e5 2. Nf3 Nc6 3. Bc4 Bc5 4. c3 Nf6 5. d3 d6 6. a4 a6 7. O-O O-O 8. h3 h6 9. Nbd2 Be6 10. Re1 Re8 11. Bxe6 fxe6 (11... Rxe6 12. b4 Ba7 13. Qc2 Qd7 14. Nf1 d5 15. Ng3 Rd8 16. exd5 Qxd5 17. Be3 Qxd3 18. Qxd3 Rxd3 19. Bxa7 Nxa7 20. Nxe5 Rd5 21. Ng4 Nxg4 22. Rxe6 fxe6 23. hxg4 a5 24. f3 Nc6 25. Rb1 b6 26. Ne4 {Carlsen,M (2834)-Kramnik,V (2787) Wijk aan Zee 2018 CBM 183 [ChessBase II] ½-½ (63)}) 12. b4 Ba7 13. Nf1 b5 14. Be3 $146 (14. Ng3 d5 15. Qb3 Qd6 16. Bd2 Kh7 17. Rad1 Rab8 18. axb5 axb5 19. Ra1 Nd7 20. Qc2 Kh8 21. Nh4 Nf8 22. Qc1 Qe7 23. Nf3 Ng6 24. Ra6 Bb6 25. d4 Qf7 26. Be3 Nf4 27. Qd1 dxe4 28. Nxe4 Qg6 {Selkovski,Z (1905)-Manova,I (1953) Skopje 2018 1-0 (42)}) 14... Bxe3 15. Rxe3 Ne7 16. Qb3 Ng6 17. g3 Qd7 18. Kg2 a5 19. axb5 Qxb5 20. Qa4 $6 {Inaccuracy. d4 was best.} (20. d4 axb4) 20... Qxa4 21. Rxa4 axb4 22. Rxb4 Rab8 23. Rxb8 Rxb8 24. N1d2 Kf7 25. Re1 Rb2 26. Ra1 Rc2 27. Ra3 Ke7 28. Nc4 h5 29. Kf1 h4 30. Ne3 Rb2 31. Nc4 Rb1+ 32. Kg2 Nh5 33. d4 exd4 34. cxd4 Rc1 35. Ncd2 hxg3 36. fxg3 Rc2 37. g4 $2 {Mistake. Kf2 was best.} (37. Kf2) 37... Ngf4+ 38. Kh2 Nf6 39. Re3 e5 $6 {Inaccuracy. g5 was best.} (39... g5 40. e5 N6d5 41. Rb3 Nc3 42. Kh1 Nxh3 43. exd6+ cxd6 44. Rb7+ Kd8 45. Kg2) 40. dxe5 dxe5 41. Kg3 $4 {Blunder. g5 was best.} (41. g5) 41... Kd6 $4 {Blunder. g5 was best.} (41... g5 42. Re1 c5 43. Kf2 c4 44. Kf1 Nxh3 45. Ra1 Nxg4 46. Nxc4 Rxc4 47. Kg2) 42. Nxe5 N4h5+ $4 {Blunder. Ne6 was best.} (42... Ne6 43. Nef3 Ke7 44. Ra3 g6 45. h4 Nd7 46. Ra5 Rc3 47. h5 gxh5 48. gxh5) 43. gxh5 Nxh5+ 44. Kg4 Kxe5 45. Nf3+ Kf6 46. Kxh5 c5 47. e5+ Ke6 48. Ng5+ Ke7 49. Kg6 c4 50. Kxg7 c3 {1-0 White wins. PRECISÃO: BRANCAS 93% PRETAS 85%} 1-0

[Event "MAGISTRAL ALBERTO LOMBARDI - CMUN 2025"]
[Site "Rio de Janeiro"]
[Date "2025.09.29"]
[Round "1.4"]
[White "Santos Filho, Tadeu Sousa"]
[Black "Nogueira, Adnilton Correia De"]
[Result "1-0"]
[WhiteElo "2034"]
[BlackElo "1638"]
[Annotator "Chessbase"]
[PlyCount "108"]
[EventDate "2025.??.??"]

{[%evp 0,108,18,38,38,20,20,18,18,0,55,36,23,20,68,71,65,51,57,51,88,105,280,145,121,110,97,106,109,115,129,115,129,139,162,168,164,156,171,132,129,144,166,144,164,113,165,138,167,146,202,164,288,121,146,163,195,198,217,214,291,213,205,192,216,192,298,299,299,285,296,259,280,250,233,233,233,231,263,250,260,255,320,243,282,230,316,331,360,343,364,282,373,258,315,317,317,321,434,152,319,289,288,165,209,207,238,219,365,211,374]} 1. e4 e5 2. Nf3 Nc6 3. Nc3 Nf6 4. a3 d6 5. Bb5 (5. Bc4 Nxe4 6. Nxe4 d5 7. Bd3 dxe4 8. Bxe4 Bd6 9. O-O O-O 10. Re1 Re8 11. h3 Bd7 12. d3 h6 13. Bd2 Qf6 14. Bc3 Rad8 15. Nd2 Bc5 16. Qf3 Qh4 17. Bd5 Re7 18. Re4 Qg5 19. Rc4 Bd4 {Lintchevski,D (2579)-Sandalakis,A (2406) Kavala 2015 ½-½ (37)}) 5... Be7 6. d4 O-O $6 $146 {Inaccuracy. exd4 was best.} (6... exd4 7. Nxd4 (7. Bxc6+ bxc6 8. Nxd4 Bd7 9. Qf3 O-O 10. O-O Re8 11. Bf4 c5 12. Nb3 Rb8 13. Rab1 Bc6 14. Rfd1 Qc8 15. h3 Nd7 16. Na5 Ba8 17. Nd5 Bxd5 18. exd5 Bf6 19. b3 Qa6 20. Nc6 Ra8 21. b4 {Juracsik,J (2145)-Montolio Benedicto,C (1962) Budapest 2012 1-0 (53)}) 7... Bd7 8. Nxc6 Bxc6 9. Bxc6+ bxc6 10. O-O O-O 11. Kh1 (11. Qd3 Nd7 12. Qa6 Nb6 13. a4 Qc8 14. Qe2 Bf6 15. a5 Nd7 16. Ra3 Rb8 17. Nd1 Re8 18. Rh3 Rb5 19. Bd2 Nf8 20. f4 Qf5 21. Re1 {Bellon Lopez,J (2271)-Olofsson-Dolk,M (2182) Sweden SWE 2025 0-1 (46)}) (11. f4) 11... Qd7 12. h3 Qe6 13. Qf3 d5 14. exd5 cxd5 15. Bf4 c6 16. Rae1 Qd7 17. Qd3 Bd6 18. Bd2 Nh5 19. g4 Nf4 20. Qf3 Ng6 21. Ne2 {Ostrowska,J (1541)-Leszczewska,E (1389) Szczyrk 2013 ½-½ (54)}) 7. Bxc6 bxc6 8. dxe5 Ng4 9. exd6 Bxd6 10. h3 Nf6 $4 {Blunder. Ne5 was best.} (10... Ne5 11. Nxe5 Bxe5 12. Qxd8 Rxd8 13. Bd2 Ba6 14. O-O-O Rd6 15. Be3 Bxc3 16. bxc3) 11. O-O $4 {Blunder. e5 was best.} (11. e5 Ba6 12. Be3 Rb8 13. exd6 cxd6 14. b3 d5 15. Ne2 d4 16. Qxd4 Nd5) 11... Nd7 12. Bg5 Qe8 13. Qd2 $6 {Inaccuracy. Bh4 was best.} (13. Bh4 Ne5 14. Re1 f6 15. Bg3 a5 16. Nxe5 fxe5 17. Qd3 h5 18. Nd1 a4) 13... Ne5 14. Nxe5 Bxe5 $6 {Inaccuracy. Qxe5 was best.} (14... Qxe5 15. f4) 15. Rfe1 f6 $6 {Inaccuracy. Rb8 was best.} (15... Rb8 16. Rab1 Qd7 17. Qe3 Qd4 18. Qxd4 Bxd4 19. Be3 Bxc3 20. bxc3 Rb5 21. Rb4) 16. Bf4 Bd7 17. Rad1 Rd8 18. Qe3 Qg6 19. Bg3 Be6 20. Bxe5 Rxd1 21. Rxd1 fxe5 22. Qg3 $6 {Inaccuracy. Rd3 was best.} (22. Rd3 h6 23. Qxa7 Bc4 24. Rg3 Qd6 25. b3 Bf7 26. Rd3 Qe7 27. a4 Qa3) 22... Qf7 $6 {Inaccuracy. Qxg3 was best.} (22... Qxg3 23. fxg3 c5 24. b3 c4 25. b4 Rf7 26. g4 Rd7 27. Kf2 Rxd1 28. Nxd1) 23. Rd3 Qh5 24. Qe3 a6 25. Qc5 Qg5 $6 {Inaccuracy. Qh4 was best.} (25... Qh4 26. Qe3 h6 27. Na4 Kh7 28. Nc5 Rf6 29. Rc3 Qh5 30. Nd3 Qd1+ 31. Ne1) 26. Qe3 $6 {Inaccuracy. Qxc6 was best.} (26. Qxc6 Bf7 27. Qxc7 Qc1+ 28. Nd1 Qg5 29. Qc5 h6 30. Qe3 Qh4 31. Nc3 a5) 26... Qe7 27. Na4 h6 28. Nc5 Qf7 29. b3 Kh7 30. a4 Bc8 31. Rd2 Qg6 32. Nd3 Rd8 $6 {Inaccuracy. Qh5 was best.} (32... Qh5 33. g4 Qe8 34. Qg3 Qg6 35. Re2 c5 36. Kg2 Re8 37. Nxe5 Rxe5 38. Qxe5) 33. Nxe5 Qe8 34. Rxd8 Qxd8 35. Qd3 Qg5 36. Nf3 Qc1+ 37. Kh2 Qf4+ 38. g3 Qf7 39. g4 Qf4+ 40. Kg2 Be6 41. Qe3 Qd6 42. Qd4 Qf4 43. Qe5 Qf7 44. Nd4 Bd7 45. Nf5 h5 46. g5 Be6 47. Kg3 g6 48. Nh4 c5 49. Qf6 $6 {Inaccuracy. f4 was best.} (49. f4 Qe8 50. f5 gxf5 51. exf5 Bd7 52. g6+ Kg8 53. Qxe8+ Bxe8 54. f6 Bd7) 49... a5 $6 {Inaccuracy. Qxf6 was best.} (49... Qxf6 50. gxf6 c4 51. bxc4 g5 52. Nf3 h4+ 53. Kg2 Kh6 54. c5 a5 55. Nd4) 50. Qxf7+ Bxf7 51. e5 $4 {Blunder. c4 was best.} (51. c4 Be8 52. Nf3 Bc6 53. Kf4 Bd7 54. h4 Bg4 55. Nd2 Kg7 56. Ke5 Kf7) 51... Be6 $4 {Blunder. c4 was best.} (51... c4) 52. Ng2 $2 {Mistake. Nf3 was best.} (52. Nf3 Bf5 53. c3 Bc2 54. Nd2 Kg8 55. Nc4 Bxb3 56. Nxa5 Bxa4 57. Nb7 c4) 52... Kg7 $2 {Mistake. c4 was best.} (52... c4 53. bxc4 Bd7 54. Ne3 Bxa4 55. Nd5 Bc6 56. Nxc7 Kg8 57. h4 a4 58. Nb5) 53. Nf4 Bg8 54. Nd3 Kf8 {1-0 White wins. PRECISÃO: BRANCAS 86% PRETAS 84%} 1-0

[Event "MAGISTRAL ALBERTO LOMBARDI 0 CMUN 2025"]
[Site "Rio de Janeiro"]
[Date "2025.10.02"]
[Round "2.1"]
[White "Lopes, Eduardo Moraes"]
[Black "Santos Filho, Tadeu Sousa"]
[Result "0-1"]
[WhiteElo "1922"]
[BlackElo "2034"]
[Annotator "Chessbase - SF 17.1"]
[PlyCount "62"]
[EventDate "2025.??.??"]

{[%evp 0,62,30,9,62,31,45,11,63,4,6,4,7,7,8,6,-28,-8,-18,-22,-11,-9,-9,-8,-6,-35,19,-38,151,66,66,82,82,128,108,20,48,32,32,-61,-42,-39,-1,-98,-33,-65,11,-5,11,33,40,-3,4,-90,-85,-354,-390,-390,-430,-430,-315,-578,-504,-1403,-1526]} 1. e4 e6 2. d4 d5 3. e5 c5 4. c3 Nc6 5. Nf3 Bd7 6. Be2 Nge7 7. Na3 cxd4 8. cxd4 Nf5 9. Nc2 Be7 10. O-O O-O 11. Bd3 Qb6 $2 {Mistake. f6 was best.} (11... f6 12. Re1 (12. Bxf5 exf5 13. Re1 Be8 14. Qd3 Bh5 15. Bf4 g5 16. exf6 Bxf6 17. Be5 Be7 18. b4 Rc8 19. Ne3 Qd7 20. Qb3 Rcd8 21. b5 Na5 22. Qa4 b6 23. Nd2 f4 24. Nef1 Rc8 25. Rac1 Rxc1 26. Rxc1 {Corrales Jimenez,F (2543)-Lin,D (2307) Chicago USA 2025 ½-½ (60)}) (12. Bf4) 12... fxe5 13. Nxe5 Nxe5 14. Rxe5 Bd6 15. Re2 Qf6 16. b3 Rac8 17. Bxf5 exf5 18. Ba3 Rxc2 19. Bxd6 Rxe2 20. Bxf8 Bb5 21. Bb4 Qh4 22. Be1 Qe4 23. a4 Bd3 24. Qc1 h6 25. Bc3 f4 26. Bb4 {Jumabayev,R (2556)-Carlsen,M (2839) chess.com INT 2025 0-1 (33)}) 12. Kh1 $2 $146 {Mistake. g4 was best.} (12. g4 Nh6 13. Bxh6 gxh6 14. Qd2 Kg7 15. b3 f6 16. Rfe1 fxe5 17. Nxe5 Nxe5 18. Rxe5 Bd6 19. Rh5 Bf4 20. Qb4 Qxb4 21. Nxb4 Rac8 22. Rd1 Bd6 23. Nc2 Rf4 24. Ne3 Be8 25. Rh3 Rxd4 26. Be2 Rxd1+ {Kuttnig,R (1908)-Schein,K (2227) St Veit 2009 0-1}) 12... f6 13. g4 Nh6 $2 {Mistake. fxe5 was best.} (13... fxe5 14. dxe5) 14. exf6 Rxf6 15. g5 Rxf3 16. Qxf3 Rf8 17. Qh3 Nf5 18. Bxf5 $6 {Inaccuracy. f4 was best.} (18. f4 Nb4 19. Nxb4 Qxb4 20. Be3 Bd6 21. Bg1 a6 22. Rac1 Qxb2 23. Rb1 Qxa2) 18... Rxf5 19. g6 $2 {Mistake. f4 was best.} (19. f4) 19... hxg6 20. Qg4 Be8 21. Re1 $2 {Mistake. Be3 was best.} (21. Be3 Qxb2 22. Rfc1 Qb5 23. Rab1 Qa6 24. a3 e5 25. Nb4 Qxa3 26. Nxc6 Bxc6) 21... Bf7 $6 {Inaccuracy. Rxf2 was best.} (21... Rxf2 22. Re2 Rf1+ 23. Kg2 Rf5 24. Kh1 Bf7 25. b3 g5 26. Bd2 Qa6 27. Rg2) 22. Re2 Qc7 $6 {Inaccuracy. e5 was best.} (22... e5 23. Be3 Qxb2 24. Rae1 e4 25. Rg1 Bd6 26. Rd2 a6 27. Ne1 Qb6 28. Ng2) 23. Be3 e5 24. dxe5 Nxe5 25. Qg3 $6 {Inaccuracy. Qg2 was best.} (25. Qg2) 25... Bd6 26. Bf4 $2 {Mistake. f4 was best.} (26. f4) 26... Qc4 27. Ne3 $4 {Blunder. Rxe5 was best.} (27. Rxe5 Rxf4 28. Ne3 Qd4 29. Rg5 Qxb2 30. Re1 Qxa2 31. Ng4 Qc2 32. Kg2 a5) 27... Qxe2 28. Nxf5 gxf5 29. Rc1 Be6 30. f3 Nd3 31. Rg1 $4 {Checkmate is now unavoidable. Bxd6 was best.} (31. Bxd6 Nxc1 32. h3 f4 33. Qg2 Qxg2+ 34. Kxg2 Nxa2 35. Kf2 Bxh3 36. Ke1 d4) 31... Nf2+ {0-1 Black wins. PRECISÃO: BRANCAS 82% PRETAS 91%} 0-1

[Event "MAGISTRAL ALBERTO LOMBARDI 0 CMUN 2025"]
[Site "Rio de Janeiro"]
[Date "2025.10.02"]
[Round "2.4"]
[White "Leus, Lucas Resende"]
[Black "Franca, Joao Vitor Da Silva"]
[Result "0-1"]
[WhiteElo "1865"]
[BlackElo "1845"]
[Annotator "Chessbase - SF 17.1"]
[PlyCount "88"]
[EventDate "2025.??.??"]

{[%evp 0,88,30,-24,4,-11,2,-25,-17,-23,-21,-24,-19,-9,-4,-2,-1,-4,14,21,21,-29,-55,-44,-40,-96,-106,-89,-91,-81,-79,-90,-88,-78,-83,-72,-74,-83,-86,-91,-93,-106,-109,-111,-105,-109,-111,-104,-110,-94,-98,-86,-86,-86,-92,-94,-104,-106,-106,-109,-18,-65,468,503,528,-66,-25,-136,-47,-152,-28,-149,-80,-149,-149,-140,-150,-144,-120,-174,-172,-165,-169,-193,-193,-181,-188,-424,-433,-487,-550]} 1. c4 e6 2. d4 d5 3. g3 Nf6 4. Bg2 dxc4 5. Qa4+ Bd7 6. Qxc4 Bc6 7. Nf3 Nbd7 8. O-O Be7 9. Nc3 O-O 10. b4 (10. Bg5 Nd5 11. Bxe7 Qxe7 {½-½ (11) Gareyev,T (2658)-Shabalov,A (2553) Los Angeles 2012}) 10... Nb6 (10... a6 11. Bg5 Nd5 12. Bxe7 Qxe7 13. Nxd5 Bxd5 14. Qc3 Nf6 15. Rfc1 c6 16. Qc5 Rfe8 17. Ne5 Bxg2 18. Kxg2 Rad8 19. e3 Nd7 20. Qxe7 Rxe7 21. Nc4 e5 22. Nd6 exd4 23. Nxb7 Rb8 24. Nd6 dxe3 25. Nf5 {Mena,M (1979)-Achuthan,A (2038) chess.com INT 2024 0-1 (75)}) 11. Qb3 Nbd5 12. b5 $6 $146 {Inaccuracy. Bd2 was best.} (12. a3 a5 13. b5 Nxc3 14. bxc6 Nxe2+ 15. Kh1 Nxc1 16. Raxc1 b6 17. Rfd1 Qd6 18. Rd3 Ng4 19. Kg1 Rab8 20. d5 exd5 21. Nd4 Qh6 22. Re1 Qxh2+ 23. Kf1 Bc5 24. Qxd5 Rbd8 25. Qg5 Rxd4 26. Rxd4 Bxd4 {Tran,P (1822)-Ngo,T (1995) Ho Chi Minh City 2019 ½-½ (33)}) (12. Bd2 Nxc3 13. Bxc3 Ne4 14. Be1 Bd5 15. Qc2 Nf6 16. Qb2 Qd6 17. a4 a6) 12... Nxc3 13. bxc6 Nxe2+ 14. Kh1 Nxc1 15. Raxc1 b6 16. Rfd1 Qd6 17. Ne5 Rad8 18. Rc3 $6 {Inaccuracy. Rc4 was best.} (18. Rc4) 18... Qb4 19. Rcd3 Qxb3 20. axb3 a5 21. f4 Nd5 22. Nd7 Rfe8 23. Re1 Nf6 24. Rde3 Bb4 25. R1e2 Ng4 26. Re4 Nf6 27. R4e3 Re7 28. Nxf6+ gxf6 29. d5 Rf8 $4 {Blunder. Kf8 was best.} (29... Kf8 30. Rd3 b5 31. Kg1 Rd6 32. Kf1 Re8 33. Rde3 Bc5 34. Rc3 Bb6 35. Rc1) 30. Bf3 $2 {Mistake. dxe6 was best.} (30. dxe6 Rxe6 31. Rxe6 fxe6 32. Rxe6 Rd8 33. Bf1 Rd6 34. Rxd6 Bxd6 35. Kg2 Kf7) 30... exd5 $4 {Blunder. Bc5 was best.} (30... Bc5 31. Rd3 Rd8 32. Rd1 Kf8 33. Kg2 Rd6 34. Re4 Re8 35. dxe6 Rxd1 36. Bxd1) 31. Rxe7 Bxe7 32. Rd2 $4 {Blunder. Rxe7 was best.} (32. Rxe7 d4 33. Rxc7 Re8 34. Rd7 Kg7 35. c7 Re1+ 36. Kg2 Rc1 37. Bh5 a4) 32... d4 $6 {Inaccuracy. Bd6 was best.} (32... Bd6 33. Rxd5) 33. Be4 $4 {Blunder. Rxd4 was best.} (33. Rxd4) 33... Bb4 $4 {Blunder. Rd8 was best.} (33... Rd8 34. Bd3 Bb4 35. Rc2 Rd6 36. Kg2 Kf8 37. Kh3 Re6 38. Rc1 h6 39. Kg4) 34. Rd1 $4 {Blunder. Rxd4 was best.} (34. Rxd4) 34... h6 $4 {Blunder. Bc3 was best.} (34... Bc3 35. Kg2 Rd8 36. Kf3 b5 37. Bc2 Re8 38. h4 Re3+ 39. Kf2 Kg7 40. h5) 35. Kg2 $4 {Blunder. Rxd4 was best.} (35. Rxd4) 35... Re8 $4 {Blunder. Rd8 was best.} (35... Rd8 36. Kf3 Bc3 37. Bd3 Rd6 38. Be4 Kg7 39. Rc1 b5 40. Rc2 a4 41. bxa4) 36. Kf3 $4 {Blunder. Rxd4 was best.} (36. Rxd4 Bc5) 36... Bc3 37. Bd3 Re3+ 38. Kg4 Kg7 39. Kh3 Re6 40. Bb5 Rd6 41. Kg4 Rd5 42. Bd3 Rc5 43. Be4 $6 {Inaccuracy. Rc1 was best.} (43. Rc1 Rxc6 44. Rc2 Rc5 45. Re2 Kf8 46. Kf3 b5 47. Ra2 f5 48. h3 h5) 43... f5+ 44. Bxf5 h5+ {0-1 Black wins. PRECISÃO: BRANCAS 70% PRETAS 72%} 0-1

[Event "MAGISTRAL ALBERTO LOMBARDI 0 CMUN 2025"]
[Site "Rio de Janeiro"]
[Date "2025.10.02"]
[Round "2.5"]
[White "Bastos Pinto, Selmo"]
[Black "Manzi, Luiz Antonio Bardar"]
[Result "1-0"]
[WhiteElo "2066"]
[BlackElo "2058"]
[Annotator "Chessbase - SF 17.1"]
[PlyCount "23"]
[EventDate "2025.??.??"]

{[%evp 0,23,30,30,30,30,34,46,46,36,89,49,46,33,52,26,89,-36,-39,-18,-2,-16,-4,4,299,392]} 1. d4 Nf6 2. Bf4 g6 3. Nc3 Bg7 4. e4 d6 5. Qd2 O-O 6. O-O-O Nbd7 7. Bh6 e5 (7... Re8 8. Bxg7 Kxg7 9. e5 Ng8 10. h4 b6 11. h5 Bb7 12. e6 fxe6 13. hxg6 h6 14. Nh3 e5 15. dxe5 Nxe5 16. Nf4 Qc8 17. Nh5+ Kh8 18. g7+ Kh7 19. Bd3+ Ng6 20. Nf4 Kxg7 21. Bxg6 Rf8 22. Bd3 {Cuenca Jimenez,J (2477)-Gulamirian,K (1890) chess.com INT 2025 1-0}) 8. d5 (8. Bxg7 Kxg7 9. dxe5 dxe5 10. h4 h6 11. h5 Nxh5 12. Nf3 Qe7 13. Nd5 Qd6 14. g4 Nf4 15. Nxe5 Nxe5 16. Qxf4 Nxg4 17. Qd2 c6 18. f3 cxd5 19. fxg4 g5 20. Qd4+ f6 21. exd5 Bd7 22. Bd3 Rae8 {Efroimski,M (2386)-Rechlis,G (2484) Israel 2021 1-0 (65)}) 8... Nc5 9. f3 a5 $146 (9... Ne8 10. h4 f5 11. h5 Bxh6 12. Qxh6 Qf6 13. hxg6 Qxg6 14. Qh2 fxe4 15. fxe4 Nxe4 16. Nxe4 Qxe4 17. Kb1 Bf5 18. Bd3 Qg4 19. Nf3 e4 20. Bb5 exf3 21. gxf3 Qg7 22. Rdg1 Bg6 23. f4 Qf6 24. Qxh7# {Chan Yi Ren,D (2324)-Ghoreishi Amiri,S (2020) chess.com INT 2024 1-0}) 10. h4 Nh5 11. Nge2 Qf6 $4 {Blunder. f5 was best.} (11... f5) 12. Bg5 {1-0 White wins. PRECISÃO: BRANCAS 95% PRETAS 67%} 1-0